00465nam a22001577a 450000500170000001000150001702000300003203500140006203700130007608200100008910000220009924500490012126000440017027000720021430000210028620220607145613.0 aENG-133092 c125.00a978-93-87253-30-8 aEN-116624 bDBAD/PUB a651.7 aGarg, Manoj Kumar aBusines Communication/ cManoj Kumar Garg c2018aNew DelhibKitab Mahal Publishers a8, Hari Sadan,(G.F.), 20, Ansari Road, DaryaganjbNew Delhie110002 a158p.c21cm(pbk)